Álbum de Momo (Record no. 21692)

MARC details
000 -LEADER
campo de control de longitud fija 01025nam a2200229 i 4500
001 - NÚMERO DE CONTROL
campo de control 21692
003 - IDENTIFICADOR DE NÚMERO DE CONTROL
campo de control ES-MaACL
005 - FECHA Y HORA DE LA ÚLTIMA TRANSACCIÓN
campo de control 20250905123854.0
007 - CAMPO FIJO DE DESCRIPCIÓN FÍSICA--INFORMACIÓN GENERAL
campo de control de longitud fija t|
008 - DATOS DE LONGITUD FIJA--INFORMACIÓN GENERAL
campo de control de longitud fija 021127s1847 sp |||| | spa d
245 00 - MENCIÓN DEL TÍTULO
Título Álbum de Momo
Resto del título : colección de lo más selecto que se publicó en La Risa o sean Composiciones jocosas en prosa y verso /
Mención de responsabilidad, etc. de Hartzenbusch ... [et al.] ; publicación de la Sociedad Literaria bajo la dirección de Wenceslao Ayguals de Izco.
260 ## - PUBLICACIÓN, DISTRIBUCIÓN, ETC.
Lugar de publicación, distribución, etc. Madrid :
Nombre del editor, distribuidor, etc. Imp. de Wenceslao Ayguals de Izco,
Fecha de publicación, distribución, etc. 1847.
300 ## - DESCRIPCIÓN FÍSICA
Extensión 576 p. :
Otras características físicas il. ;
Dimensiones 23 cm.
530 ## - NOTA DISPONIBLE DE FORMULARIO FÍSICO ADICIONAL
Nota de formato físico adicional disponible Disponible en formato digital.
650 #4 - PUNTO DE ACCESO ADICIONAL DE MATERIA--TÉRMINO DE MATERIA
Término de materia o nombre geográfico como elemento de entrada Sátiras españolas-
Subdivisión cronológica S.XIX.
9 (RLIN) 155109
700 1# - ENTRADA AGREGADA--NOMBRE PERSONAL
Nombre de persona Ayguals de Izco, Wenceslao,
Fechas asociadas al nombre 1801-1873
9 (RLIN) 125761
700 1# - ENTRADA AGREGADA--NOMBRE PERSONAL
Nombre de persona Hartzenbusch, Juan Eugenio,
Fechas asociadas al nombre 1806-1880
9 (RLIN) 62011
710 2# - ENTRADA AGREGADA--NOMBRE DE ENTIDAD CORPORATIVA
Nombre de entidad corporativa o nombre de jurisdicción como elemento de entrada Sociedad Literaria (Madrid)
9 (RLIN) 147336
852 ## - LOCALIZACIÓN
Ubicación ES-MaACL
Número de control de estantería R-3148
Encuadernación Olim:D-4085
856 ## - LOCALIZACIÓN Y ACCESO ELECTRÓNICOS
Identificador Uniforme de Recursos <a href="http://www.archive.org/details/albumdemomocole00hartgoog ">http://www.archive.org/details/albumdemomocole00hartgoog </a>
Nota pública Internet Archive
Holdings
Estatus retirado Estado de pérdida Estado de daño No para préstamo Colección Biblioteca de origen Biblioteca actual Ubicación en estantería Fecha de adquisición Fuente de adquisición Total de préstamos Signatura topográfica completa Código de barras Visto por última vez Precio de reemplazo Tipo de ítem Koha
        Colección digital Biblioteca del Ateneo de Madrid Biblioteca del Ateneo de Madrid Depósito 17/01/2008     R-3148 1022293 23/02/2023 23/02/2023 Libro impreso antiguo